<?xml version="1.0" encoding="UTF-8"?>
<record
    xmlns:xsi="http://www.w3.org/2001/XMLSchema-instance"
    xsi:schemaLocation="http://www.loc.gov/MARC21/slim http://www.loc.gov/standards/marcxml/schema/MARC21slim.xsd"
    xmlns="http://www.loc.gov/MARC21/slim">

  <leader>00391nam a22001337a 4500</leader>
  <datafield tag="999" ind1=" " ind2=" ">
    <subfield code="c">6553</subfield>
    <subfield code="d">6553</subfield>
  </datafield>
  <controlfield tag="008">200206b           ||||| |||| 00| 0 eng d</controlfield>
  <datafield tag="020" ind1=" " ind2=" ">
    <subfield code="a">9780324323481</subfield>
    <subfield code="c">XXII,</subfield>
  </datafield>
  <datafield tag="050" ind1=" " ind2=" ">
    <subfield code="a">330.015 195 WOO</subfield>
  </datafield>
  <datafield tag="082" ind1=" " ind2=" ">
    <subfield code="2">3ED.</subfield>
    <subfield code="a">330.015 195 WOO</subfield>
  </datafield>
  <datafield tag="100" ind1=" " ind2=" ">
    <subfield code="a">WOOLDRIDGE, JEFFREY M.</subfield>
  </datafield>
  <datafield tag="245" ind1=" " ind2=" ">
    <subfield code="a">INTRODUCTORY ECONOMETRICS : A MODERN APPROACH</subfield>
  </datafield>
  <datafield tag="250" ind1=" " ind2=" ">
    <subfield code="a">3ED.</subfield>
  </datafield>
  <datafield tag="260" ind1=" " ind2=" ">
    <subfield code="a">TORONTO;</subfield>
    <subfield code="b">THOMSON SOUTH-WESTERN,</subfield>
    <subfield code="c">2006.</subfield>
  </datafield>
  <datafield tag="952" ind1=" " ind2=" ">
    <subfield code="0">0</subfield>
    <subfield code="1">0</subfield>
    <subfield code="2">ddc</subfield>
    <subfield code="4">0</subfield>
    <subfield code="6">330_015000000000000_195_WOO</subfield>
    <subfield code="7">0</subfield>
    <subfield code="9">19121</subfield>
    <subfield code="a">1000</subfield>
    <subfield code="b">1000</subfield>
    <subfield code="d">2020-02-06</subfield>
    <subfield code="l">0</subfield>
    <subfield code="o">330.015 195 WOO</subfield>
    <subfield code="p">0000000017218</subfield>
    <subfield code="r">2020-02-06</subfield>
    <subfield code="w">2020-02-06</subfield>
  </datafield>
</record>
